1531 : la historia que aún no termina /
Falso documental acerca de la aparición de la Virgen María al indígena Juan Diego en 1531, los misterios que propició, y el contexto histórico en donde está arraigada tal leyenda.
Guardat en:
| Autor principal: | |
|---|---|
| Altres autors: | , , , , , |
| Format: | Llibre |
| Idioma: | espanyol |
| Matèries: | |
| Etiquetes: |
Sense etiquetes, Sigues el primer a etiquetar aquest registre!
|
MARC
| LEADER | 00000nam^a2200000^a^4500 | ||
|---|---|---|---|
| 001 | 000579373 | ||
| 005 | 20250526000000.0 | ||
| 009 | 20260310132528.258 | ||
| 037 | |a Acervo ITESO - Biblioteca | ||
| 041 | |a ESP | ||
| 091 | |a FGM. 05733 | ||
| 100 | |a Peláez, Antonio |e (realización) | ||
| 240 | 1 | 1 | |a [1531: la historia que aún no termina] |
| 245 | 1 | 0 | |a 1531 : |b la historia que aún no termina / |c Realización de A. Peláez. |
| 264 | 2 | |a México : |b Mediquest [distribución], |c copyright fecha no identificada | |
| 300 | |a 1 DVD sin dato de región (76 min.) : |b color + |e 1 lámina ; |c 19.0 cm. | ||
| 336 | |a imagen móvil bidimensional |b tdi |2 rdacontenido | ||
| 337 | |a video |b v |2 rdamedio | ||
| 338 | |a videodisco |b vd |2 rdasoporte | ||
| 520 | |a Falso documental acerca de la aparición de la Virgen María al indígena Juan Diego en 1531, los misterios que propició, y el contexto histórico en donde está arraigada tal leyenda. | ||
| 562 | |a Falta lámina, ejemplar 2 | ||
| 649 | |a XX | ||
| 650 | |a Santos Mexicanos | ||
| 650 | |a Virgen María en el Cine | ||
| 650 | |a Virgen María - |x Iconografías | ||
| 650 | |a Virgen María - |z México - |x Culto | ||
| 650 | |a Virgen María - |z México - |x Apariciones y Milagros - |x Historia - |x Tema Principal | ||
| 650 | |a Telefilmes | ||
| 650 | |a Docuficciones | ||
| 650 | |a Películas Históricas | ||
| 650 | |a Dramas Cinematográficos | ||
| 650 | |a Cine por Televisión - |z México | ||
| 650 | |a Cine Mexicano - |y 2010-2019 | ||
| 650 | |a Cine Mexicano - |y Siglo XXI | ||
| 650 | |a Catolicismo - |z México - |x Historia - |y Epoca Colonial, 1517-1821 | ||
| 650 | |a Cristianismo - |z México - |x Historia - |y Epoca Colonial, 1517-1821 | ||
| 650 | |a Religión - |z México - |x Historia - |y Epoca Colonial, 1517-1821 | ||
| 650 | |a México - |x Historia - |y Virreinato, 1535-1821 | ||
| 650 | |a México - |x Historia - |y Epoca Colonial, 1517-1821 | ||
| 650 | |a México - |x Historia - |y Siglo XVI | ||
| 650 | |a Juan Diego, |c Santo | ||
| 700 | |a Peláez, Antonio |e (guión) | ||
| 700 | |a Peláez, Antonio |e (fotógrafo) | ||
| 700 | |a Peláez, Antonio |e (montaje) | ||
| 700 | |a Guirado, Liliam |e (actuación) | ||
| 700 | |a Hernández, José de Jesús |e (actuación) | ||
| 700 | |a Hoeflich, Carlos Hugo |e (actuación) | ||
| 910 | |a Fondo Efraín González Morfín | ||
| 920 | |a Audiovisuales - DVDs | ||
| 930 | |a Libros Antiguos y Raros | ||
| 905 | |a 108 | ||
| 901 | |a 0500408611 |b IT2 |c LRA |i D93070 |u 20250526 | ||
| 901 | |a 0500408614 |b IT2 |c LRA |i D |u 20250526 | ||
| 901 | |a 0500408613 |b IT2 |c LRA |i D93070 |u 20250526 | ||
| 902 | |a https://opac.biblio.iteso.mx/vufind/Record/000579373 | ||